000 01075nam2a22002291 4500
001 rc\4971592
005 20250613055620.0
035 _a(NLR Aleph) 008976575
090 _a9158767
_c9158767
100 _a20130430d1960 |||y0rusy50 ca
101 1 _arus
_ceng
102 _aRU
105 _ay z |||||
200 1 _aТермисторы, их свойства и применение
210 _d1960
_aБ. м.
461 0 _1001rc\4971070
_12001#$aЭлектротехническая промышленность за рубежом$eПеревод$e№ 4553-$fЦентр. бюро техн. информации. НИИ электропром-сти$v№ 5746-8
_99155556
_cМосква
_d1958
_fЦентр. бюро техн. информации. НИИ электропром-сти
_nБ. и.
_oПеревод : № 4553-
_tЭлектротехническая промышленность за рубежом
_v№ 5746-8
700 1 _aПатрик
_bК.Р.
801 0 _aRU
_bNLR
_gpsbo
801 1 _aRU
_bELAR
_2rusmarc
852 _aNLR
_j60-8/2690
942 _cBOOK
980 _aNB